| 000 | 00651nam a2200241 a 4500 | ||
|---|---|---|---|
| 001 | 0001-1124 | ||
| 003 | ELIB.Books | ||
| 008 | 150430 2010 eng | ||
| 020 | _a1585580031 | ||
| 035 | _a(ELIB.Books)0001-1279 | ||
| 092 |
_a226.9 _bCar |
||
| 100 | _aCarson, D. A. | ||
| 245 |
_aJesus' Sermon on the Mount _bAnd His Confrontation with the World |
||
| 260 |
_aToronto _bGlobal Christian Publishers _c1987 |
||
| 300 |
_a299 _c23 Cm |
||
| 500 | _aDr. Ner Dah | ||
| 650 | _aSermon on the Mount | ||
| 856 |
_nKBTS: Library _uKBTS: Elib |
||
| 942 |
_2ddc _cBK |
||
| 990 | _a1 | ||
| 998 |
_cbat _e2015-04-30 |
||
| 999 |
_c11124 _d11124 |
||